000 01706 a2200229 4500
001 59278
005 20260407155847.0
008 260407a2018 arg spa d
003 AR-UNSa-BCEJYS
040 _aAR-UNSa-BCEJYS
_bspa
_cAR-UNSa-BCEJYS
080 _a342.9
_xDerecho Administrativo
245 1 0 _aDerecho administrativo
_pacto administrativo y reglamentos
020 _a978-987-706-238-0
264 1 _aBuenos Aires :
_bAstrea
_c2018
300 _a2 v.(xvi, 655 ; xv, 600 p.)
_c23 cm.
505 _aVol. I: 1. Ordenamiento jurídico - 2.Derecho público y derecho privado según la relación de justicia – 3. La regulación administrativa – 4. La relación jurídica administrativa – 5. Actividad jurígena y función jurídica constitucional – 6. Acto administrativo. Aproximación conceptual – 7. Derechos subjetivos e intereses legítimos – 8. Los derechos de incidencia colectiva – 9. Actos jurisdiccionales y actos de aplicación – 10. La discrecionalidad. Acto institucional y acto administrativo discrecional – 11. La discrecionalidad jurídica –Vol. II: 12. Los denominados caracteres del acto administrativo – 13. Los elementos del acto administrativo – 14. Cese del acto administrativo – 15. Vicios del acto administrativo. Nulidad y saneamiento – 16. Los decretos de necesidad y urgencia – 17. Los decretos de legislación delegada – 18. Los decretos ejecutivos presidenciales y los reglamentos administrativos de aplicación
041 _aspa
942 _cBK
590 _aniveau_biblio:m niveau_hierar:0
100 1 _aBarra, Rodolfo Carlos
856 4 1 _uhttps://www.biblioeco.unsa.edu.ar/pmb/images/libros/L129039.jpg
_yImagen de portada
_qimage/jpeg
999 _c6635
_d6635